Obálka Náhled e-knihy:
PDF Epub
Pro půjčování e-knih musíte být přihlášeni.
Jak si půjčit online?

Rapl z Bartolomějský /

Emeritní major Miroslav Hyhlík patří k legendám bartolomějských kriminalistů. Čtyřicet let se podílel na vyšetřování tisíců nejrůznějších případů, přičemž některé z nich často popíraly zdravý rozum.

Uloženo v:
Hlavní autor: Hyhlík, Miroslav (Autor)
Médium: E-kniha
Jazyk:Czech
Vydáno: Praha : XYZ, 2025
Vydání:Vydání první
Edice:Skutečné zločiny (XYZ)
Témata:
Tagy:
Žádné tagy
LEADER 03375nam a2200613 i 4500
001 312833
003 CZ PrSKC
005 20260601215729.0
007 ta
008 251003s2025 xr ach e 000 1acze d
015 |a cnb003711111 
020 |a 9788076839113  |q (vázáno) :  |c Kč 399,00 
035 |a (OCoLC)1559932515 
040 |a BOG001  |b cze  |d ABG001  |d OLA001  |e rda 
043 |a e-xr---  |b e-xr-pg  |2 czenas 
045 |a x-y- 
072 7 |a 343.9  |x Kriminalistika  |2 Konspekt 
072 7 |a 929  |x Biografie  |2 Konspekt 
080 |a 343.9-051  |2 MRF 
080 |a 343.9  |2 MRF 
080 |a 343.3/.7  |2 MRF 
080 |a 929  |2 MRF 
080 |a (437.311)  |2 MRF 
080 |a (0:82-94)  |2 MRF 
100 1 |a Hyhlík, Miroslav  |7 xx0337036  |4 aut 
245 1 0 |a Rapl z Bartolomějský /  |c Miroslav Hyhlík 
250 |a Vydání první 
264 1 |a Praha :  |b XYZ,  |c 2025 
300 |a 259 stran :  |b ilustrace, portréty, faksimile ;  |c 21 cm 
336 |a text  |b txt  |2 rdacontent 
337 |a bez média  |b n  |2 rdamedia 
338 |a svazek  |b nc  |2 rdacarrier 
490 1 |a Skutečné zločiny 
500 |a V tiráži též vročení 2024 
520 2 |a Emeritní major Miroslav Hyhlík patří k legendám bartolomějských kriminalistů. Čtyřicet let se podílel na vyšetřování tisíců nejrůznějších případů, přičemž některé z nich často popíraly zdravý rozum.  |b Ve své knižní prvotině Miroslav Hyhlík odhaluje zákulisí pražského podsvětí, prostituce a špiclů osmdesátých let, kdy se spravedlnost potýkala s absurditou tehdejší doby. V divokých devadesátých letech se při výkonu služby shodou neuvěřitelných okolností sám ocitl v pasti inspekce a vojenské prokuratury, která ho posadila do temné kobky pankrácké věznice. Přes všechny nesnáze se ale do své milované Bartolomějské ulice zase vrátil a společně s kolegy dál bojoval se zločinem. Jednotlivé případy popisuje syrovým stylem, ale zároveň prozrazuje svou zálibu v sarkastických komentářích. Nakladatelská anotace. Kráceno. 
600 1 7 |a Hyhlík, Miroslav  |7 xx0337036  |2 czenas 
648 7 |a 20.-21. století  |7 ch462155  |2 czenas 
650 0 7 |a kriminalisté  |7 ph420398  |z Česko  |y 20.-21. století  |2 czenas 
650 0 7 |a kriminalistika  |7 ph115011  |z Česko  |y 20.-21. století  |2 czenas 
650 0 7 |a kriminální případy  |7 ph121958  |z Česko  |y 20.-21. století  |2 czenas 
650 0 9 |a criminalists  |z Czechia  |y 20th-21st centuries  |2 eczenas 
650 0 9 |a criminal investigation  |z Czechia  |y 20th-21st centuries  |2 eczenas 
650 0 9 |a criminal cases  |z Czechia  |y 20th-21st centuries  |2 eczenas 
651 7 |a Praha (Česko)  |7 ge118011  |2 czenas 
651 9 |a Prague (Czechia)  |2 eczenas 
655 7 |a autobiografické vzpomínky  |7 fd131854  |2 czenas 
655 9 |a autobiographical reminiscences  |2 eczenas 
830 0 |a Skutečné zločiny (XYZ) 
900 |a ABA001  |b 19 
928 9 |a Albatros Media - XYZ 
044 |a xr 
910 |a RBIT002 
998 |d 422820  |a https://core.palmknihy.cz/api/books/422820/cover?t3jd4v  |b https://core.palmknihy.cz/api/books/422820/cover/400?t3jd4v  |c https://core.palmknihy.cz/api/books/422820/cover/50?t3jd4v  |e 2035-12-31  |g 256  |i 9788076839113  |j https://core.palmknihy.cz/api/books/422820/preview.epub  |k https://core.palmknihy.cz/api/books/422820/preview.pdf  |l   |q 49  |r 1  |s https://www.palmknihy.cz/kniha/422820  |t ebook  |y 2025  |z 0 
999 |d 312831